|
|
|
|
| LEADER |
01212nam a2200265 a 4500 |
| 001 |
12573909 |
| 008 |
090615s1999 nyua 001 0 eng d |
| 010 |
|
|
|a 2001055815
|
| 020 |
|
|
|a 8120315847
|
| 040 |
|
|
|a DLC
|c DLC
|d DLC
|
| 082 |
0 |
0 |
|a 658.15/11
|2 21
|
| 100 |
1 |
|
|a Horngren,Charles T.
|
| 245 |
1 |
0 |
|a Introduction to management accounting /
|c Charles T. Horngren, Gary L. Sundem and William O. Stratton
|
| 250 |
|
|
|a 11th ed.[estern economy edition]
|
| 260 |
|
|
|a Englewood cliffs,N.J.:
|a New Delhi;
|b Printice-Hall:
|b Printice-Hall of India,
|c 1999.
|
| 300 |
|
|
|a xxix,785 p. :
|b col. ill. ;
|c 28 cm.
|
| 500 |
|
|
|a Includes index.
|
| 541 |
1 |
|
|e 00012795
|
| 650 |
|
0 |
|a Managerial accounting.
|
| 700 |
1 |
|
|a Sundem,Gary L.
|
| 700 |
1 |
|
|a Stratton,William O.
|
| 852 |
4 |
|
|a Ayesha Abed Library
|j General Shelf.
|
| 999 |
|
|
|c 1607
|d 1607
|
| 952 |
|
|
|0 0
|1 0
|2 ddc
|4 0
|6 658_151100000000000_HOR
|7 0
|9 1476
|a BRACUL
|b BRACUL
|c GEN
|d 2009-06-28
|g 0.00
|l 8
|m 70
|o 658.1511 HOR
|p 3010012795
|r 2018-11-25
|s 2018-10-22
|t 1
|w 2009-06-28
|y BK
|x No price found in the accession register.
|
| 952 |
|
|
|0 0
|1 0
|2 ddc
|4 0
|6 658_151100000000000_HOR_1999
|7 0
|9 13022
|a BRACUL
|b BRACUL
|c GEN
|d 2010-11-02
|l 4
|m 43
|o 658.1511 HOR
|p 3010011561
|r 2019-11-03
|s 2019-01-15
|t 2
|w 2010-11-02
|y BK
|